000 00849nam a2200217 i 4500
001 22206
003 ES-MaACL
005 20250813040331.0
007 t|
008 021129s1955 sp ||||1| spa d
100 0 _aAlfonso
_bX,
_cRey de Castilla
_919872
245 1 0 _aPrimera crónica general de España /
_cque mandó componer Alfonso el Sabio y se continuaba bajo Sancho IV en 1289 ; publicada por Ramón Menéndez Pidal.
260 _aMadrid :
_bGredos,
_c1955.
300 _a2 v. ;
_c28 cm.
500 _aPrecede a tít.: Universidad de Madrid, Facultad de Filosofía y Letras.
700 1 _aMenéndez Pidal, Ramón,
_d1869-1968
_980315
700 1 _aSancho
_bIV
_c, Rey de Castilla.
_9103042
710 2 _aUniversidad de Madrid.
_bFacultad de Filosofía y Letras.
_97214
852 _aES-MaACL
_jC-8591-2
_bR.38666
999 _c22206
_d22206